000 01942nam0a2200433 4500
001 RU\NLR\bibl\337737
005 20250621150514.0
010 _a5-279-02407-4
_94000
021 _aRU
_b2002-41460
_92014
035 _a(NLR Aleph) 000332651
090 _a166725
_c166725
100 _a20021110d2002 |||y0rusy50 ca
101 0 _arus
102 _aRU
105 _aa |||||||||
200 1 _aЭтика менеджмента
_eУчеб. для студентов по экон. спец.
_fР. Н. Ботавина
210 _aМ.
_cФинансы и статистика
_d2002
215 _a188, [1] с.
_cил.
_d21
320 _aБиблиогр.: с. 187
606 0 _aДеловая этика
_jРуководства, пособия и т.п. для высшей школы
_92213569
_3RU\NLR\auth\661329630
606 0 _aДеловая этика
_jУчебные издания для высшей школы
_92213569
_3RU\NLR\auth\661329630
606 0 _aМенеджмент
_jРуководства, пособия и т.п. для высшей школы
_xСоциально-психологические исследования
_92189012
_3RU\NLR\auth\661315965
606 0 _aМенеджмент
_jУчебные издания для высшей школы
_xСоциально-психологические исследования
_92189012
_3RU\NLR\auth\661315965
610 0 _aМенеджмент
610 0 _aПрофессиональная этика
675 _a65.01:17(075.8)
_v3
_zrus
686 _a06.81
_2rugasnti
686 _a87.75я73
_2rubbk
686 _aС550.373.2я73
686 _aЮ705.4я73
686 _aС550.422.1я73
700 1 _aБотавина
_bР. Н.
_gРимма Николаевна
_4070
801 0 _aRU
_bRKP
_c20021110
_gPSBO
801 1 _aRU
_bRKP
_c20021110
801 2 _aRU
_bNLR
_c20030204
_grcr
942 _cBOOK
980 _aNB